Sharpest Tool (Lyrics)- Sabrina Carpenter - Statistics

General Stats
  • This quiz has been taken 78 times
    77 since last reset
  • The average score is 327 of 370
Answer Stats
Answer % Correct
I
100%
in
100%
know
100%
me
100%
not
100%
sharpest
100%
The
100%
the
100%
to
100%
tool
100%
We
100%
we
100%
you
100%
your
100%
you're
100%
You're
100%
a
97%
an
97%
and
97%
for
97%
friends
97%
had
97%
sex
97%
shed
97%
fine
95%
goin'
95%
goin
95%
guess
95%
Guess
95%
if
95%
If
95%
it
95%
left
95%
Left
95%
right
95%
second
95%
Then
95%
then
95%
took
95%
were
95%
we're
95%
about
92%
best
92%
but
92%
forget
92%
I'm
92%
lot
92%
met
92%
never
92%
of
92%
shit
92%
talk
92%
that
92%
think
92%
up
92%
with
92%
answer
89%
between
89%
bird
89%
by
89%
confused
89%
don't
89%
how
89%
How
89%
idiot
89%
lines
89%
upset
89%
was
89%
casual
86%
lookin'
86%
On
86%
on
86%
yourself
86%
flies
84%
just
84%
Lyin'
84%
wonderin'
84%
at
81%
bitch
81%
ex's
81%
Found
81%
found
81%
house
81%
so
81%
time
81%
down
78%
face
78%
hate
78%
now
78%
phone
78%
soft
78%
sure
78%
Tuesday
78%
another
76%
God
76%
"hey"
76%
like
76%
Made
76%
really
76%
'Til
76%
As
73%
guilt
73%
recall
73%
send
73%
word
73%
year
73%
always
70%
hear
70%
Seems
70%
I'll
68%
creeps
65%
open
65%
overnight
65%
through
65%
All
62%
waste
62%
tripped
59%
'Cause
57%
is
57%
leaves
57%
leavin'
57%
makes
57%
mind
57%
out
57%
top
57%
silence
54%
strategy
54%
dumbfounded
49%
worse
49%
logged
43%
No matching quizzes found
Score Distribution
Percent of People with Each Score
Percentile by Number Answered
Your Score History
You have not taken this quiz since the last reset